Dissertatio epistolaris circa inventionem pulsus antidiscroti tamquam veri signi futuram diarrhoeam ventosam demonstrantis (Record no. 153132)
[ view plain ]
| 000 -LEADER | |
|---|---|
| campo de control de longitud fija | 01200nam a22002775i 4500 |
| 001 - NÚMERO DE CONTROL | |
| campo de control | 153132 |
| 003 - IDENTIFICADOR DE NÚMERO DE CONTROL | |
| campo de control | ES-MaACL |
| 005 - FECHA Y HORA DE LA ÚLTIMA TRANSACCIÓN | |
| campo de control | 20250724015106.0 |
| 008 - DATOS DE LONGITUD FIJA--INFORMACIÓN GENERAL | |
| campo de control de longitud fija | 990922s1787 sp |||| | lat d |
| 040 ## - FUENTE DE CATALOGACIÓN | |
| Centro catalogador/agencia de origen | CLM |
| Lengua de catalogación | spa |
| Centro/agencia transcriptor | CLM |
| 100 1# - ENTRADA PRINCIPAL--NOMBRE DE PERSONA | |
| Nombre de persona | Cid, Francisco Xavier. |
| 9 (RLIN) | 38759 |
| 245 10 - MENCIÓN DEL TÍTULO | |
| Título | Dissertatio epistolaris circa inventionem pulsus antidiscroti tamquam veri signi futuram diarrhoeam ventosam demonstrantis |
| Resto del título | : in prosecutionem inuenti pulsifici solaniani ad Regiam Academiam Medicam Neapolitana / |
| Mención de responsabilidad, etc. | a D. Francisco Xaverio Cid. |
| 260 ## - PUBLICACIÓN, DISTRIBUCIÓN, ETC. | |
| Lugar de publicación, distribución, etc. | Toleti : |
| Nombre del editor, distribuidor, etc. | a D. Isidoro Martino Marques ..., |
| Fecha de publicación, distribución, etc. | [1787?] |
| 300 ## - DESCRIPCIÓN FÍSICA | |
| Extensión | [4], 17 p., [3] en bl. ; |
| Dimensiones | 4º. |
| 530 ## - NOTA DISPONIBLE DE FORMULARIO FÍSICO ADICIONAL | |
| Nota de formato físico adicional disponible | Disponible en formato digital. |
| 596 ## - NOTA AL PIE DE IMPRENTA | |
| NOTA AL PIE DE IMPRENTA | Texto fechado en Toledo, 1787. |
| 596 ## - NOTA AL PIE DE IMPRENTA | |
| NOTA AL PIE DE IMPRENTA | Marca tip. en port. |
| 597 ## - NOTA DE DESCRIPCIÓN FÍSICA | |
| NOTA DE DESCRIPCIÓN FÍSICA | Sign.: [ ]², A4, B6. |
| 597 ## - NOTA DE DESCRIPCIÓN FÍSICA | |
| NOTA DE DESCRIPCIÓN FÍSICA | Antep. |
| 650 #4 - PUNTO DE ACCESO ADICIONAL DE MATERIA--TÉRMINO DE MATERIA | |
| Término de materia o nombre geográfico como elemento de entrada | Diarrea- |
| Subdivisión general | Tratamiento. |
| 9 (RLIN) | 155239 |
| 650 04 - PUNTO DE ACCESO ADICIONAL DE MATERIA--TÉRMINO DE MATERIA | |
| Término de materia o nombre geográfico como elemento de entrada | Medicina- |
| Subdivisión de forma | Obras anteriores a 1800 |
| 9 (RLIN) | 14912 |
| 700 11 - ENTRADA AGREGADA--NOMBRE PERSONAL | |
| Nombre de persona | Martín Marqués, Isidro. |
| 9 (RLIN) | 129603 |
| 852 ## - LOCALIZACIÓN | |
| Ubicación | ES-MaACL |
| Número de control de estantería | R-3429(5) |
| Nota libre | -- Enc. pasta |
| -- | .- Donat. Mateo Seoane |
| 856 ## - LOCALIZACIÓN Y ACCESO ELECTRÓNICOS | |
| Identificador Uniforme de Recursos | <a href="http://bdh-rd.bne.es/viewer.vm?id=0000099142&page=1 ">http://bdh-rd.bne.es/viewer.vm?id=0000099142&page=1 </a> |
| Nota pública | Biblioteca Digital Hispánica |
| Estatus retirado | Estado de pérdida | Estado de daño | No para préstamo | Colección | Biblioteca de origen | Biblioteca actual | Ubicación en estantería | Fecha de adquisición | Fuente de adquisición | Total de préstamos | Signatura topográfica completa | Código de barras | Visto por última vez | Precio de reemplazo | Tipo de ítem Koha |
|---|---|---|---|---|---|---|---|---|---|---|---|---|---|---|---|
| Colección digital | Biblioteca del Ateneo de Madrid | Biblioteca del Ateneo de Madrid | Depósito | 17/01/2008 | R-3429(5) | 1160003 | 23/02/2023 | 23/02/2023 | Libro impreso antiguo |
